Akon Charting Songs (Billboard Hot Dance) - Statistics

General Stats
  • This quiz has been taken 15 times
    10 since last reset
  • The average score is 2 of 6
Answer Stats
Album Weeks On Peak Artist(s) Song % Correct
Nothing but the Beat 2.0 28 Weeks #9 David Guetta ft. Ne-Yo & Akon Play Hard
100%
Non-Album Single 9 Weeks #22 Dave Aude ft. Akon & Luciana Electricity & Drums (Bad Boy)
25%
Non-Album Single 1 Week #38 Dimitri Vegas & Like Mike, David Guetta & Afro Bros with Akon She Knows
25%
Non-Album Single 5 Weeks #33 DJ Hardwerk ft. Akon Tell Me We're OK
25%
Provocateur 2 Weeks #45 DJ Antoine ft. Akon Holiday
0%
Sunrise 1 Week #49 Sam Feldt ft. Akon Yes
0%
No matching quizzes found
Score Distribution
Percent of People with Each Score
Percentile by Number Answered
Your Score History
You have not taken this quiz since the last reset